الإحصائيات لـ أكبر خمس عشرة دولة في عدد السكان

أنقر هنا لكي تخضع للإختبار!

الإحصائيات العامة

  • هذا الإختبار تم الخضوع له 613 مره
  • الدرجة المتوسطة هي 9 من 15

إحصائيات الإجابة

الدولةعدد السكان% صحيح
الصين1,439,323,776
99%
الهند1,380,004,385
97%
الولايات المتحدة الأمريكية331,002,651
96%
روسيا145,934,462
93%
مصر102,334,404
92%
البرازيل212,559,417
76%
اليابان126,476,461
74%
باكستان220,892,340
68%
نيجيريا206,139,589
59%
المكسيك128,932,753
56%
إندونيسيا273,523,615
51%
إثيوبيا114,963,588
26%
فيتنام97,338,579
21%
الفليبين109,581,078
12%
بنجلاديش164,689,383
10%

توزيع النقاط

النسبة وفقا للأرقام

نسبة الأشخاص لكل درجة

سجل النقاط الخاصة بك

لم تضخع لهذا الإختبار